Normal view
MARC view
- Parry-Smith, David J. Phukan, Samiron
Entry Corporate Name
001 - CONTROL NUMBER
- control field: 91828
003 - CONTROL NUMBER IDENTIFIER
- control field: NUST
005 - DATE AND TIME OF LATEST TRANSACTION
- control field: 20220524165439.0
008 - FIXED-LENGTH DATA ELEMENTS
- fixed length control field: 220524|| aca||aabn | a|a d
040 ## - CATALOGING SOURCE
- Original cataloging agency: NUST
- Transcribing agency: NUST
110 ## - HEADING--CORPORATE NAME
- Corporate name or jurisdiction name as entry element: Parry-Smith, David J. Phukan, Samiron
670 ## - SOURCE DATA FOUND
- Source citation: Work cat.: (NUST): Attwood, Teresa K 91827, Introduction to Bioinformatics, 2014.
